| 000 | 00514nam a22001817a 4500 | ||
|---|---|---|---|
| 005 | 20230608062218.0 | ||
| 008 | 230124b |||||||| |||| 00| 0 eng d | ||
| 020 | _a978-1-260-54784-9 | ||
| 082 | _a621.3 P498 2020 | ||
| 100 |
_aPetruzella, Frank D., _eauthor. |
||
| 245 |
_aElectricity for the trades / _cFrank D. Petruzella. |
||
| 250 | _a3rd ed. | ||
| 260 |
_aNew York: _bMcGrawHill Education, _cc2020. |
||
| 300 |
_axvii, 398p.; _bcol. ill |
||
| 504 | _aIncludes index. | ||
| 541 | _e6283 | ||
| 650 | _aElectricity | ||
| 999 |
_c632 _d632 |
||